مكتبة جامعة عجلون الوطنية

فهرس بحث المكتبة

دوافع استخدام مواقع التواصل الاجتماعي وتاثيرها على راس المال الاجتماعي في البنوك التجارية الاردنية = The Motivation of Using Social Networ Sites and its impact on Social Capital at jordanian commercial Banks / (Record no. 33306)

MARC details
000 -LEADER
fixed length control field 01112nam a22001937a 4500
003 - CONTROL NUMBER IDENTIFIER
control field JO-AjAnu
005 - DATE AND TIME OF LATEST TRANSACTION
control field 20240605134602.0
008 - FIXED-LENGTH DATA ELEMENTS--GENERAL INFORMATION
fixed length control field 240311b jo ||||| |||| 00| 0 ara d
040 ## - CATALOGING SOURCE
Original cataloging agency JO-AjAnu
Transcribing agency JO-AjAnu
Modifying agency JO-AjAnu
041 #0 - LANGUAGE CODE
Language code of text/sound track or separate title ara
100 ## - MAIN ENTRY--PERSONAL NAME
Personal name زغول، مها حسين سيف
9 (RLIN) 65038
245 ## - TITLE STATEMENT
Title دوافع استخدام مواقع التواصل الاجتماعي وتاثيرها على راس المال الاجتماعي في البنوك التجارية الاردنية = The Motivation of Using Social Networ Sites and its impact on Social Capital at jordanian commercial Banks /
Statement of responsibility, etc. اعداد مها حسين سيف زغول ؛ إشراف هشام علي شطناوي
260 ## - PUBLICATION, DISTRIBUTION, ETC.
Date of publication, distribution, etc. 2023
300 ## - PHYSICAL DESCRIPTION
Extent 107ص
500 ## - GENERAL NOTE
General note رسالة جامعية (رسالة ماجستير) .- جامعة عجلون الوطنية (عجلون، الاردن)، كلية الاعمال، قسم ادارة الاعمال، 2023
650 #0 - SUBJECT ADDED ENTRY--TOPICAL TERM
Topical term or geographic name entry element البنوك - ادارة - جوانب اجتماعية - الاردن.
9 (RLIN) 65073
700 ## - ADDED ENTRY--PERSONAL NAME
Personal name شطناوي،هشام علي
9 (RLIN) 64865
Relator term مشرف
942 ## - ADDED ENTRY ELEMENTS (KOHA)
Source of classification or shelving scheme Library of Congress Classification
Koha item type Thesis
Suppress in OPAC No
Holdings
Withdrawn status Lost status Source of classification or shelving scheme Damaged status Not for loan Home library Current library Date acquired Total Checkouts Full call number Barcode Date last seen Price effective from Koha item type
    Library of Congress Classification     مكتبة جامعة عجلون الوطنية مكتبة جامعة عجلون الوطنية 24/03/2024   HG1615 2024 A29776 24/03/2024 24/03/2024 Thesis
    Library of Congress Classification     مكتبة جامعة عجلون الوطنية مكتبة جامعة عجلون الوطنية 24/03/2024   HG1615 2024 A29777 24/03/2024 24/03/2024 Thesis